| 000 | 00561nam a2200193 i 4500 | ||
|---|---|---|---|
| 001 | 91638 | ||
| 003 | ES-MaACL | ||
| 005 | 20230906180754.0 | ||
| 007 | t| | ||
| 008 | 050203s1999 mx ||||1| spa d | ||
| 080 | _a930.85(72) | ||
| 080 | _a904(72) | ||
| 245 | 0 | 0 | _aCulturas prehispánicas del Golfo. |
| 260 |
_aVeracruz : _bEditora de Gobierno del Estado de Veracruz, _c[1999] |
||
| 300 |
_a141 p. : _bil. ; _c28 cm. |
||
| 650 | 1 | 4 |
_aArte precolombino- _zMéxico. _910268 |
| 651 | 4 |
_aMéxico- _xCivilización. _99059 |
|
| 852 |
_aES-MaACL _jL-28777 _bR.135253 |
||
| 999 |
_c91638 _d91638 |
||